| 000 | 00375nam a22001577a 4500 | ||
|---|---|---|---|
| 003 | SGT | ||
| 020 | _a9788186976388 | ||
| 082 | _a345.540 6,CHA | ||
| 100 | _aCHATURVEDI,GOPAL,S. | ||
| 245 | _aC.D. FIELD'S LAW ON ADMISSIONS & CONFESSIONS | ||
| 250 | _a2ND | ||
| 260 |
_aNEW DELHI _bDELHI LAW HOUSE _c2003 |
||
| 300 | _a732 | ||
| 490 | _aLAW ON ADMISSIONS | ||
| 942 |
_2ddc _cBK |
||
| 999 |
_c10944 _d10944 |
||